Riconosci lo Stato - Quiz n°97 - Statistics

Statistiche generali
  • Questo quiz è stato fatto 40 volte
  • Il punteggio medio è 8 su 12
Statistiche sulle risposte
Indizio Risposta % Corretto
Valuta Franco
91%
Fuso Orario UTC+3
88%
Superficie 2 170 km²
84%
Indipendenza dalla Francia, 6 luglio 1975
81%
Iniziale della Capitale M
81%
Popolazione 734 750 ab.
72%
Presidente della Repubblica Azali Assoumani
72%
Forma di Governo Repubblica presidenziale federale
72%
ISU 0,558
53%
Tasso di crescita 2,063%
50%
PIL (nominale) 596 milioni di $
50%
Risposta Comore
41%
Nessun quiz corrispondente trovato
Distribuzione punteggi
Percentuale di utenti per punteggio
Percentile per numero di risposta
I tuoi punteggi nel tempo
Non hai fatto questo quiz